KPOP GROUP start with letter "V" (2026 update) - Statistics

General Stats
  • This quiz has been taken 14 times
  • The average score is 3 of 11
Answer Stats
Answer % Correct
M VIXX
86%
F VIVIZ
57%
M VERIVERY
43%
M VICTON
43%
F VCHA
36%
F VVS
21%
M VANNER
14%
M VAV
14%
F VVUP
14%
M VARSITY
7%
M VROMANCE
0%
No matching quizzes found
Score Distribution
Percent of People with Each Score
Percentile by Number Answered
Your Score History
You have not taken this quiz